[Event "TCh-TUR Super League 2014"]
[Site "Kocaeli TUR"]
[Date "2014.08.20"]
[Round "3.6"]
[Board "7"]
[White "Arat, Ufuk Sezen"]
[Black "Komut, Burak"]
[Result "1-0"]
[WhiteElo "2189"]
[BlackElo "1951"]
[WhiteTeam "Besiktas Jimnastik Kulubu"]
[BlackTeam "Tarsus Zeka Satranc Kulubu"]
[WhiteFideId "6309089"]
[BlackFideId "6309984"]
[EventDate "2014.08.18"]

1. d4 Nf6 2. c4 Nc6 3. Nf3 e6 4. Nc3 Bb4 5. Bd2 O-O 6. g3 Bxc3 7. Bxc3 d6 8. a3
Qe7 9. Bg2 Ne4 10. Rc1 f5 11. d5 Nb8 12. dxe6 Bxe6 13. O-O Nc6 14. Nd4 Bd7 15.
b4 Rae8 16. Bb2 Kh8 17. Nb5 Bc8 18. e3 Be6 19. Re1 Ne5 20. c5 Nc4 21. cxd6 cxd6
22. Ba1 a6 23. Nd4 Nxa3 24. Qd3 Nb5 25. Nxb5 axb5 26. Qxb5 Ra8 27. Qb6 Rfc8 28.
Qd4 Bg8 29. Bb2 h6 30. Rxc8 Rxc8 31. Rc1 Rxc1+ 32. Bxc1 Nf6 33. Bb2 Qc7 34. b5
Qc2 35. Bxb7 Bc4 36. h3 Bxb5 37. Qb4 Qe2 38. Bxf6 Qf1+ 39. Kh2 Qxf2+ 40. Bg2
gxf6 41. Qxb5 Qxe3 42. Qxf5 Kg7 43. Qd7+ Kg6 44. Qxd6 Qe2 45. Qc6 Kg7 46. Qb7+
Kg8 47. Qf3 Qb2 48. Qa8+ Kg7 49. Qb7+ Qxb7 50. Bxb7 Kg6 51. Kg2 h5 52. h4 1-0

[Event "TCh-TUR Super League 2014"]
[Site "Kocaeli TUR"]
[Date "2014.08.20"]
[Round "3.6"]
[Board "8"]
[White "Kaplan, Ebru"]
[Black "Soylemez, Cansu"]
[Result "1-0"]
[WhiteElo "1882"]
[BlackElo "1919"]
[WhiteTeam "Tarsus Zeka Satranc Kulubu"]
[BlackTeam "Besiktas Jimnastik Kulubu"]
[WhiteFideId "6315194"]
[BlackFideId "6315429"]
[EventDate "2014.08.18"]

1. e4 c5 2. Nf3 Nc6 3. Bb5 g6 4. O-O Bg7 5. c3 a6 6. Ba4 b5 7. Bc2 e5 8. d3 Nge7
9. Be3 d6 10. d4 exd4 11. cxd4 cxd4 12. Nxd4 Ne5 13. Nd2 O-O 14. h3 Bb7 15. f4
N5c6 16. N2f3 Na5 17. b3 Re8 18. Re1 Nec6 19. Qd2 Rc8 20. Rad1 Nxd4 21. Bxd4
Bxd4+ 22. Nxd4 Qb6 23. Kh1 Nc6 24. Nf3 Rcd8 25. f5 Ne5 26. Qh6 Nd7 27. Ng5 Nf6
28. fxg6 hxg6 29. Rf1 Re5 30. Rxf6 Rxg5 31. Qxg5 Rc8 32. Rfxd6 1-0

[Event "TCh-TUR Super League 2014"]
[Site "Kocaeli TUR"]
[Date "2014.08.20"]
[Round "3.6"]
[Board "9"]
[White "Gokerkan, Cem Kaan"]
[Black "Sevgi, Volkan"]
[Result "0-1"]
[BlackTitle "FM"]
[WhiteElo "2052"]
[BlackElo "2142"]
[WhiteTeam "Besiktas Jimnastik Kulubu"]
[BlackTeam "Tarsus Zeka Satranc Kulubu"]
[WhiteFideId "6336760"]
[BlackFideId "6325335"]
[EventDate "2014.08.18"]

1. Nf3 d5 2. c4 c6 3. d4 e6 4. e3 f5 5. Nc3 Nf6 6. Bd3 Bd6 7. Qc2 Ne4 8. a3 a5
9. c5 Bc7 10. Rb1 Nd7 11. b4 e5 12. dxe5 Nxe5 13. Nxe5 Bxe5 14. Ne2 axb4 15.
axb4 Qh4 16. Nd4 O-O 17. Bb2 Ra2 18. g3 Qh3 19. Bf1 Qh6 20. Bg2 Bxd4 21. exd4 f4
22. Bxe4 dxe4 23. O-O Be6 24. Rfe1 Bd5 25. Qe2 e3 26. g4 f3 27. Qf1 e2 0-1

[Event "TCh-TUR Super League 2014"]
[Site "Kocaeli TUR"]
[Date "2014.08.20"]
[Round "3.6"]
[Board "10"]
[White "Ayazmali, Gizem"]
[Black "Arda, Cagil Irmak"]
[Result "0-1"]
[BlackTitle "WCM"]
[WhiteElo "1648"]
[BlackElo "1872"]
[WhiteTeam "Tarsus Zeka Satranc Kulubu"]
[BlackTeam "Besiktas Jimnastik Kulubu"]
[WhiteFideId "6336590"]
[BlackFideId "6351700"]
[EventDate "2014.08.18"]

1. e4 c6 2. d4 d5 3. exd5 cxd5 4. Bd3 Nc6 5. c3 Nf6 6. Bf4 g6 7. Nf3 Bg7 8. Nbd2
O-O 9. O-O Bf5 10. Bxf5 gxf5 11. Ne5 e6 12. Bg5 Ne7 13. Bxf6 Bxf6 14. Qh5 Ng6
15. f4 Bxe5 16. fxe5 Qh4 17. Qf3 Kh8 18. g3 Qg5 19. Qg2 Rg8 20. Nf3 Qe7 21. Kh1
b5 22. Qd2 Nf8 23. Rae1 Nd7 24. Nh4 Nb6 25. b3 Rg4 26. Ng2 a5 27. Nf4 Rgg8 28.
Nh5 Nd7 29. Qe2 Rab8 30. Rf4 b4 31. cxb4 Qxb4 32. g4 Rxg4 33. Rxg4 fxg4 34. Rf1
Qxd4 35. Rxf7 Nxe5 36. Rf4 Qc3 37. Nf6 Rf8 38. Nxd5 Qa1+ 39. Kg2 Rc8 40. Nb6 Rc1
41. Rf1 Rxf1 42. Qxf1 Qxa2+ 43. Qf2 Qxf2+ 44. Kxf2 Kg7 45. Na4 Kf6 46. Nc5 Kf5
47. Kg3 Nc6 48. Nb7 Kg5 49. Nd6 Nd4 50. Ne4+ Kf5 51. Nd6+ Kg6 52. Kxg4 Nxb3 53.
Nc4 Kf6 54. Kf4 a4 55. Ke4 Nc5+ 56. Kd4 Nd7 57. Ke4 Kg5 58. Kd4 Kf4 59. Kc3 0-1

[Event "TCh-TUR Super League 2014"]
[Site "Kocaeli TUR"]
[Date "2014.08.21"]
[Round "4.1"]
[Board "6"]
[White "Ozturk, Kubra"]
[Black "Wang, Jue"]
[Result "0-1"]
[WhiteTitle "WGM"]
[BlackTitle "WGM"]
[WhiteElo "2291"]
[BlackElo "2368"]
[WhiteTeam "Besiktas Jimnastik Kulubu"]
[BlackTeam "T.S. Alyans Satranc Spor Kulubu"]
[WhiteFideId "6302599"]
[BlackFideId "8604070"]
[EventDate "2014.08.18"]

1. d4 Nf6 2. c4 g6 3. Nc3 Bg7 4. e4 O-O 5. Be2 d6 6. Bg5 c5 7. d5 e6 8. Qd2 exd5
9. exd5 Qb6 10. Nf3 Bf5 11. Nh4 Ne4 12. Nxe4 Bxe4 13. f3 h6 14. Bxh6 Bxh6 15.
Qxh6 Qxb2 16. O-O Bc2 17. Rac1 Re8 18. Rf2 Ba4 19. Bf1 Qg7 20. Qxg7+ Kxg7 21. f4
Nd7 22. f5 Ne5 23. fxg6 fxg6 24. Nf3 Ng4 25. Rb2 b6 26. h3 Nf6 27. Ng5 Bd7 28.
Rf2 Re5 29. Nf3 Re3 30. Ng5 Rae8 31. Rcc2 R8e5 32. Nf3 Re7 33. Rce2 Rxe2 34.
Rxe2 Rxe2 35. Bxe2 Ne4 36. Bd3 Nc3 37. a3 a6 38. Kf2 b5 39. cxb5 axb5 40. Nh4
Be8 41. Ke3 Nxd5+ 42. Kd2 Kf6 43. g3 Nb6 44. Nf3 Nd5 45. h4 Ne7 46. g4 Bc6 47.
Ng1 c4 48. Bc2 Bd7 49. Bd1 d5 50. Nh3 d4 51. Nf2 Bc6 52. Bc2 d3 53. Bd1 Ke5 54.
Nxd3+ cxd3 55. Kxd3 Be4+ 56. Kd2 Kf4 57. h5 g5 58. Be2 Nd5 59. Bxb5 Nf6 60. h6
Nxg4 61. a4 Nxh6 62. a5 Nf5 63. a6 Nd6 64. Bd7 g4 65. Bxg4 Kxg4 66. Ke3 Kf5 67.
Kd4 Kf4 68. Kc5 Nc8 69. Kd4 Ba8 70. Kd3 Ke5 71. a7 Nxa7 72. Kc4 Be4 73. Kc3 Kd5
74. Kb4 Nc6+ 75. Kc3 Kc5 76. Kd2 Kd4 77. Ke2 Ne7 78. Kd2 Nf5 79. Ke2 Kc3 80. Kd1
Nd4 81. Ke1 Kd3 82. Kf2 Ne2 83. Ke1 Bf5 84. Kf2 Bg4 85. Ke1 Nc3 86. Kf2 Ne4+ 87.
Ke1 Ke3 88. Kf1 Kd2 89. Kg1 Ke1 90. Kg2 Ke2 91. Kg1 Bh3 92. Kh2 Bf1 93. Kg1 Ke1 0-1

[Event "TCh-TUR Super League 2014"]
[Site "Kocaeli TUR"]
[Date "2014.08.21"]
[Round "4.1"]
[Board "7"]
[White "Topak, Engin"]
[Black "Arat, Ufuk Sezen"]
[Result "0-1"]
[WhiteTitle "FM"]
[WhiteElo "2208"]
[BlackElo "2189"]
[WhiteTeam "T.S. Alyans Satranc Spor Kulubu"]
[BlackTeam "Besiktas Jimnastik Kulubu"]
[WhiteFideId "6300324"]
[BlackFideId "6309089"]
[EventDate "2014.08.18"]

1. e4 g6 2. d4 Bg7 3. Nc3 d6 4. f4 Nf6 5. Nf3 O-O 6. Be3 b6 7. Bd3 c5 8. Qe2 Ng4
9. Bg1 cxd4 10. Nxd4 e5 11. fxe5 Nxe5 12. h3 Nbd7 13. O-O-O Nc5 14. Kb1 a6 15.
Nb3 Nexd3 16. cxd3 Nxb3 17. axb3 Be6 18. Qc2 Rc8 19. d4 d5 20. Ka2 b5 21. Qd3
Qa5+ 22. Kb1 Rfd8 23. g4 dxe4 24. Nxe4 Qb4 25. Be3 Bxb3 26. Rc1 Qa4 27. Rc3 Qa2+
28. Kc1 Qa1+ 29. Qb1 Qxb1+ 30. Kxb1 Bd5 0-1

[Event "TCh-TUR Super League 2014"]
[Site "Kocaeli TUR"]
[Date "2014.08.21"]
[Round "4.1"]
[Board "8"]
[White "Soylemez, Cansu"]
[Black "Soydan, Busra"]
[Result "0-1"]
[WhiteElo "1919"]
[BlackElo "1762"]
[WhiteTeam "Besiktas Jimnastik Kulubu"]
[BlackTeam "T.S. Alyans Satranc Spor Kulubu"]
[WhiteFideId "6315429"]
[BlackFideId "6318673"]
[EventDate "2014.08.18"]

1. d4 Nf6 2. c4 c5 3. d5 b5 4. Nd2 bxc4 5. Nxc4 d6 6. g3 Bb7 7. Bg2 g6 8. e4 Bg7
9. Ne2 O-O 10. O-O Nbd7 11. Bd2 Rb8 12. Ba5 Qc8 13. Rc1 Ba6 14. b4 Bxc4 15. Rxc4
Qa6 16. Qb3 Ne5 17. Rc2 Nd3 18. Qc4 Qxc4 19. Rxc4 Nd7 20. f4 Rfc8 21. Bh3 Rb7
22. Rf3 Nb2 23. Rc2 Na4 24. Ra3 Nab6 25. Bxb6 axb6 26. Ra6 Rcb8 27. b5 Rc7 28.
Rc4 Nf8 29. Nc3 Bxc3 30. Rxc3 e6 31. dxe6 fxe6 32. Bg2 Kf7 33. Rca3 Nd7 34. Rd3
Ke7 35. Kf2 Rbc8 36. Ke2 c4 37. Rc3 Nc5 38. Raa3 Nd7 39. Ke3 Rc5 40. Ra4 d5 41.
Rb4 Nf6 42. Kd4 Rd8 43. e5 Ng4 44. h3 Nf2 45. Ra3 Rdc8 46. Rc3 Ra8 47. Rbxc4
Rxb5 48. Rc7+ Kd8 49. Rc2 Nd1 50. Rxh7 Ra4+ 51. Kd3 Nb2+ 52. Ke2 Nc4 53. Rg7 Ra3
54. Rxg6 Ne3 55. Rg8+ Kd7 56. Rg7+ Kd8 57. Rg8+ Kd7 58. Rg7+ Kd8 59. Rg8+ Kd7
60. Rcc8 Rb2+ 61. Kf3 Nf5+ 62. Kg4 Nh6+ 63. Kh5 Nxg8 64. Rxg8 Rxg2 65. g4 Rxh3+
66. Kg5 Rhg3 67. Kh5 d4 68. Rg7+ Kc6 69. Re7 Kd5 70. Rd7+ Ke4 71. Rd6 Rxg4 72.
Rxe6 Rg8 0-1

[Event "TCh-TUR Super League 2014"]
[Site "Kocaeli TUR"]
[Date "2014.08.21"]
[Round "4.2"]
[Board "3"]
[White "Kerigan, Demre"]
[Black "Baklan, Vladimir"]
[Result "0-1"]
[WhiteTitle "FM"]
[BlackTitle "GM"]
[WhiteElo "2343"]
[BlackElo "2655"]
[WhiteTeam "Turk Hava Yollari Spor Kulubu"]
[BlackTeam "Ankara Demirspor Kulubu"]
[WhiteFideId "6307841"]
[BlackFideId "14102196"]
[EventDate "2014.08.18"]

1. e4 c5 2. Nf3 d6 3. d4 cxd4 4. Nxd4 Nf6 5. Nc3 a6 6. Bg5 e6 7. Qf3 Nbd7 8.
O-O-O h6 9. Be3 Qc7 10. Be2 e5 11. Nb3 b5 12. Nd5 Nxd5 13. exd5 Nf6 14. Bd2 Be7
15. h3 Bb7 16. Ba5 Qd7 17. Bc3 Rc8 18. g4 O-O 19. Qg2 b4 20. Bxb4 Nxd5 21. Rxd5
Qc6 22. Na1 Qxd5 23. Qxd5 Bxd5 24. Rd1 Bc4 25. Bf3 Rfe8 26. b3 e4 27. Bg2 Be2
28. Rd5 Bf6 29. Kb1 Bxa1 0-1

[Event "TCh-TUR Super League 2014"]
[Site "Kocaeli TUR"]
[Date "2014.08.21"]
[Round "4.2"]
[Board "5"]
[White "Genc, Cihan Sevinc"]
[Black "Tuncer, Ufuk"]
[Result "0-1"]
[BlackTitle "FM"]
[WhiteElo "2213"]
[BlackElo "2341"]
[WhiteTeam "Turk Hava Yollari Spor Kulubu"]
[BlackTeam "Ankara Demirspor Kulubu"]
[WhiteFideId "6304370"]
[BlackFideId "6300847"]
[EventDate "2014.08.18"]

1. c4 Nf6 2. Nc3 g6 3. g3 Bg7 4. Bg2 O-O 5. d3 e5 6. e3 c6 7. Nge2 Na6 8. d4 d6
9. O-O Re8 10. Rb1 Nc7 11. b4 exd4 12. Nxd4 d5 13. c5 a6 14. a4 Ne6 15. Nce2 h5
16. Bb2 h4 17. Nxe6 Bxe6 18. Nf4 Bf5 19. Rc1 g5 20. Ne2 h3 21. Bf3 Be4 22. Bxe4
Rxe4 23. Bd4 Nd7 24. Nc3 Re6 25. f4 Qe7 26. Bxg7 Kxg7 27. Qd4+ Kg8 28. fxg5 Re8
29. Rf4 Rxe3 30. Rcf1 Qe5 31. Qxe5 Nxe5 32. Nd1 Rb3 33. Nf2 Nf3+ 34. Kh1 Nd2 35.
Rd1 Re2 36. Kg1 Nf3+ 37. Kf1 Rc2 38. Nxh3 Nxh2+ 39. Kg1 Rxg3+ 0-1

[Event "TCh-TUR Super League 2014"]
[Site "Kocaeli TUR"]
[Date "2014.08.21"]
[Round "4.2"]
[Board "6"]
[White "Gyokbulut, Julia"]
[Black "Melia, Salome"]
[Result "0-1"]
[WhiteTitle "WFM"]
[BlackTitle "IM"]
[WhiteElo "2098"]
[BlackElo "2475"]
[WhiteTeam "Ankara Demirspor Kulubu"]
[BlackTeam "Turk Hava Yollari Spor Kulubu"]
[WhiteFideId "4153979"]
[BlackFideId "13602446"]
[EventDate "2014.08.18"]

1. d4 e6 2. Nf3 c5 3. e3 Nf6 4. Be2 b6 5. O-O Bb7 6. b3 Be7 7. Bb2 O-O 8. c4
cxd4 9. exd4 d5 10. Nc3 dxc4 11. bxc4 Nc6 12. Qd2 Na5 13. Ne5 Rc8 14. Rac1 Nd7
15. Nxd7 Qxd7 16. Nd1 Qa4 17. Qc2 Qxc2 18. Rxc2 b5 19. c5 a6 20. Ne3 Rfd8 21.
Rd1 Be4 22. Rcd2 Nc6 23. f3 Bg5 24. Kf2 Bd5 25. g3 Bxe3+ 26. Kxe3 Bxa2 27. Kf2
Bd5 28. Ke3 Ba2 29. Ra1 Nb4 30. f4 Bb3 31. Rc1 Nd5+ 32. Kf3 Ne7 33. Bc3 Nc6 34.
Ra1 Ra8 35. Ke3 b4 36. Bb2 a5 37. Bb5 Ne7 38. g4 a4 39. Rf1 Rdb8 40. Be2 a3 41.
Ba1 Nd5+ 42. Kd3 Ba4 43. f5 Bb5+ 44. Ke4 Bxe2 45. Rxe2 b3 46. fxe6 fxe6 47. Rff2
Rf8 48. Ke5 Rxf2 49. Rxf2 Rf8 50. Rd2 Rb8 51. Bb2 axb2 52. Rxb2 Kf7 53. Kd6 Ne3
54. Kd7 Rb7+ 55. Kd8 Rb4 56. c6 Rxd4+ 57. Kc8 Rb4 58. Kd7 Nd5 59. h3 Nb6+ 60.
Kd8 e5 61. g5 Ke6 62. c7 e4 63. h4 e3 64. Ke8 Kd6 65. Kf7 Kxc7 66. Kxg7 Na4 67.
Rb1 b2 68. Kxh7 Nc3 69. Rxb2 Rxb2 70. g6 Rg2 71. h5 e2 72. h6 e1=Q 73. g7 Qe6 0-1

[Event "TCh-TUR Super League 2014"]
[Site "Kocaeli TUR"]
[Date "2014.08.21"]
[Round "4.2"]
[Board "7"]
[White "Yargici, Mazhar Kutay"]
[Black "Yuksel, Atilla Koksal"]
[Result "0-1"]
[BlackTitle "CM"]
[WhiteElo "1992"]
[BlackElo "2107"]
[WhiteTeam "Turk Hava Yollari Spor Kulubu"]
[BlackTeam "Ankara Demirspor Kulubu"]
[WhiteFideId "6310400"]
[BlackFideId "6306667"]
[EventDate "2014.08.18"]

1. d4 e6 2. c4 b6 3. Nc3 Bb7 4. Nf3 f5 5. g3 Nf6 6. Bg2 g6 7. O-O Bg7 8. d5 O-O
9. Bf4 Na6 10. Qc2 Qe7 11. Rad1 Ne8 12. dxe6 dxe6 13. Be5 Nd6 14. Nb5 Rfd8 15.
Bxg7 Qxg7 16. Nfd4 Bxg2 17. Kxg2 Qd7 18. Nf3 Qc6 19. Nd4 Qxc4 20. Nb5 Qc6 21.
Nd4 Qc4 22. Qxc4 Nxc4 23. b3 Na5 24. Nxe6 Re8 25. Nf4 Rad8 26. h4 Nb4 27. a3 Nc2
28. Rc1 Nxa3 29. Rxc7 Nb5 30. Rc2 Nxb3 31. Rb2 N5d4 32. Nxd4 Nxd4 33. Ra1 Re7
34. Rd2 Nc6 35. Nd5 Re6 36. Rc1 Red6 37. Rxc6 Rxd5 38. Rxd5 Rxd5 39. Rc8+ Kf7
40. Rc7+ Ke6 41. Rxa7 Rd7 42. Ra6 Rb7 43. Kf3 Kd5 44. Ke3 Kc4 45. Kd2 Kb3 46. f3
b5 47. Rc6 b4 48. Kc1 Rd7 49. Re6 Ra7 50. Kb1 Ka3 51. Re8 Rd7 52. Kc1 Rc7+ 53.
Kb1 b3 54. Re6 Rd7 55. Ra6+ Kb4 56. Rb6+ Kc3 57. Rc6+ Kd2 58. Re6 Ke1 59. Kb2
Rd2+ 60. Kxb3 Rxe2 61. Rc6 Re3+ 62. Rc3 Kd2 0-1

[Event "TCh-TUR Super League 2014"]
[Site "Kocaeli TUR"]
[Date "2014.08.21"]
[Round "4.1"]
[Board "9"]
[White "Can, Melih Kaan"]
[Black "Gokerkan, Cem Kaan"]
[Result "1-0"]
[WhiteElo "2034"]
[BlackElo "2052"]
[WhiteTeam "T.S. Alyans Satranc Spor Kulubu"]
[BlackTeam "Besiktas Jimnastik Kulubu"]
[WhiteFideId "6317383"]
[BlackFideId "6336760"]
[EventDate "2014.08.18"]

1. e4 c5 2. Nf3 d6 3. c3 g6 4. h3 Bg7 5. d4 Qa5 6. d5 Nf6 7. Nbd2 b5 8. Bd3 O-O
9. O-O Nbd7 10. Re1 Ne8 11. Qe2 Nc7 12. a4 c4 13. Bc2 Nc5 14. Ra3 Ba6 15. axb5
Qxb5 16. Nd4 Bxd4 17. cxd4 Nd3 18. Bxd3 cxd3 19. Qe3 Rfc8 20. b3 Qb4 21. Bb2 Qb7
22. Rea1 Bb5 23. R3a2 Na6 24. Ba3 Rc3 25. Qh6 Rc2 26. Nf3 f6 27. Rxc2 dxc2 28.
Qd2 Rc8 29. Rc1 Bd7 30. Qd3 Bb5 31. Qd2 Bd7 32. Qd3 Bb5 33. Qe3 Bd7 34. Ne1 Rb8
35. Rxc2 Qxb3 36. Rc3 Qb7 37. h4 Be8 38. Kh2 Kg7 39. h5 Nc7 40. Bc1 Kh8 41. Qh6
Bf7 42. hxg6 Bxg6 43. Rg3 Rg8 44. Rxg6 Rxg6 45. Qf8+ Rg8 46. Qxe7 Rb8 47. Qxf6+
Kg8 48. Qxd6 Nb5 49. Qg3+ Kf7 50. Nf3 Rh8 51. Ng5+ Kf8 52. Qf4+ Kg8 53. Ne6 h6
54. Qf8+ Kh7 55. Qf5+ 1-0

[Event "TCh-TUR Super League 2014"]
[Site "Kocaeli TUR"]
[Date "2014.08.21"]
[Round "4.1"]
[Board "10"]
[White "Arda, Cagil Irmak"]
[Black "Ozbay, Ece"]
[Result "1-0"]
[WhiteTitle "WCM"]
[WhiteElo "1872"]
[BlackElo "1611"]
[WhiteTeam "Besiktas Jimnastik Kulubu"]
[BlackTeam "T.S. Alyans Satranc Spor Kulubu"]
[WhiteFideId "6351700"]
[BlackFideId "6351743"]
[EventDate "2014.08.18"]

1. e4 c5 2. Nc3 Nc6 3. Bb5 g6 4. Bxc6 dxc6 5. d3 Bg7 6. Be3 b6 7. Qd2 e5 8. f4
exf4 9. Bxf4 Be6 10. Nf3 Ne7 11. O-O O-O 12. Bh6 Qd7 13. Qf4 f6 14. Bxg7 Kxg7
15. e5 Nd5 16. Qh4 Nxc3 17. bxc3 fxe5 18. Nxe5 Qd6 19. Qg5 Rf5 20. Rxf5 Bxf5 21.
Nc4 Qf6 22. Qd2 Re8 23. Re1 Rxe1+ 24. Qxe1 Qe6 25. Qe5+ Kf8 26. Qh8+ Qg8 27.
Qf6+ Qf7 28. Qxf7+ Kxf7 29. Ne5+ Kf6 30. Nxc6 Be6 31. Nxa7 Bxa2 32. Nb5 Be6 33.
Kf2 c4 34. Ke3 Ke5 35. Na3 cxd3 36. cxd3 Bd5 37. g3 Bc6 38. Nc4+ Kf5 39. Nxb6
Kg4 40. Kf2 Kh3 41. d4 Kxh2 42. d5 Be8 43. d6 h5 44. d7 Bxd7 45. Nxd7 g5 46. Kf3
g4+ 47. Kf4 h4 48. gxh4 g3 49. Ne5 g2 50. Nf3+ Kh1 51. h5 g1=Q 52. Nxg1 Kxg1 53.
h6 Kf2 54. h7 Ke2 55. h8=Q Kd3 56. Qd4+ Kc2 57. Ke3 Kb3 58. Kd2 Ka3 59. Kc2 Ka2
60. Qa4# 1-0

[Event "TCh-TUR Super League 2014"]
[Site "Kocaeli TUR"]
[Date "2014.08.21"]
[Round "4.2"]
[Board "1"]
[White "Cheparinov, Ivan"]
[Black "Dubov, Daniil"]
[Result "1-0"]
[WhiteTitle "GM"]
[BlackTitle "GM"]
[WhiteElo "2681"]
[BlackElo "2614"]
[WhiteTeam "Turk Hava Yollari Spor Kulubu"]
[BlackTeam "Ankara Demirspor Kulubu"]
[WhiteFideId "2905540"]
[BlackFideId "24126055"]
[EventDate "2014.08.18"]

1. d4 Nf6 2. Nf3 e6 3. c4 Bb4+ 4. Nbd2 O-O 5. a3 Be7 6. e4 d6 7. Be2 Nbd7 8. Qc2
c5 9. d5 e5 10. Nf1 g6 11. Bh6 Re8 12. Ng3 Ng4 13. Bd2 h5 14. h3 Ngf6 15. h4 Nf8
16. Nf1 Ng4 17. Ng5 Nh7 18. f3 Ngf6 19. g3 a6 20. Ne3 b5 21. f4 exf4 22. gxf4
Bf8 23. e5 dxe5 24. f5 e4 25. fxg6 fxg6 26. cxb5 axb5 27. Bxb5 Nxg5 28. hxg5 Ng4
29. O-O-O Nf2 30. Bxe8 Qxe8 31. Bc3 Nxh1 32. Rxh1 Ba6 33. Ng4 Be7 34. Rxh5 1-0

[Event "TCh-TUR Super League 2014"]
[Site "Kocaeli TUR"]
[Date "2014.08.21"]
[Round "4.2"]
[Board "2"]
[White "Onischuk, Vladimir"]
[Black "Heberla, Bartlomiej"]
[Result "1-0"]
[WhiteTitle "GM"]
[BlackTitle "GM"]
[WhiteElo "2593"]
[BlackElo "2574"]
[WhiteTeam "Ankara Demirspor Kulubu"]
[BlackTeam "Turk Hava Yollari Spor Kulubu"]
[WhiteFideId "14114038"]
[BlackFideId "1115120"]
[EventDate "2014.08.18"]

1. Nf3 c5 2. e4 e6 3. Nc3 d6 4. d4 cxd4 5. Nxd4 Nf6 6. Be2 Nc6 7. O-O Be7 8. Be3
O-O 9. f4 e5 10. fxe5 dxe5 11. Nf5 Bxf5 12. Rxf5 Rc8 13. Kh1 Bb4 14. Bd3 Bxc3
15. bxc3 Ne8 16. Qg4 Qd7 17. Qg3 Nd6 18. Rh5 f6 19. Rh3 Nd8 20. Qh4 g5 21. Qe1
b6 22. Rf3 Ne6 23. Rd1 Qc6 24. h4 g4 25. Qg3 h5 26. Bh6 Rf7 27. Rdf1 Ng7 28.
R3f2 Nxe4 29. Bxe4 Qxe4 30. Rxf6 Rcf8 31. Bxg7 Kxg7 32. Re1 Qxe1+ 33. Qxe1 Kxf6
34. Qd2 Ke6 35. Kh2 Rf5 36. Qd3 R8f7 37. Qc4+ Kf6 38. Qc6+ Kg7 39. c4 Re7 40.
Qe4 Rf4 41. Qe3 Rf5 42. Qe4 Kf6 43. c5 bxc5 44. Qc6+ Kg7 45. Qxc5 Rff7 46. c4
Re8 47. Qc6 Ree7 48. Qd5 Kg8 49. Qe4 Kg7 50. c5 Re6 51. a4 Rf4 52. Qd5 Rff6 53.
c6 Rxc6 54. Qxe5 a6 55. Qxh5 Rg6 56. Qe5+ Kh7 57. h5 g3+ 58. Kh3 Rge6 59. Qg5
Red6 60. a5 Rc3 61. Qe7+ 1-0

[Event "TCh-TUR Super League 2014"]
[Site "Kocaeli TUR"]
[Date "2014.08.21"]
[Round "4.2"]
[Board "8"]
[White "Sop, Selen"]
[Black "Ozturk, Hilal"]
[Result "1-0"]
[WhiteTitle "WFM"]
[WhiteElo "1961"]
[BlackElo "1816"]
[WhiteTeam "Ankara Demirspor Kulubu"]
[BlackTeam "Turk Hava Yollari Spor Kulubu"]
[WhiteFideId "6300278"]
[BlackFideId "6315330"]
[EventDate "2014.08.18"]

1. c4 e5 2. Nc3 Nf6 3. g3 Nc6 4. Bg2 Bb4 5. Nd5 Bc5 6. e3 d6 7. Ne2 Bf5 8. d3
O-O 9. a3 a5 10. O-O a4 11. Nec3 Nxd5 12. Bxd5 Qf6 13. Nxa4 Rxa4 14. Qxa4 Bxd3
15. Rd1 e4 16. Rxd3 exd3 17. Bxc6 bxc6 18. Qd1 Qf5 19. b4 Ba7 20. Bb2 Qe4 21.
Rc1 Bxe3 22. fxe3 Qxe3+ 23. Kf1 f5 24. Kg2 f4 25. Qf3 Qd2+ 26. Qf2 f3+ 27. Kf1
Qe2+ 28. Qxe2 fxe2+ 29. Ke1 Rf1+ 30. Kd2 Kf7 31. Re1 g6 32. Bc3 Rf3 33. a4 Ke6
34. a5 Kf5 35. a6 Ke4 36. Bg7 Rf7 37. a7 Rxg7 38. a8=Q 1-0

[Event "TCh-TUR Super League 2014"]
[Site "Kocaeli TUR"]
[Date "2014.08.21"]
[Round "4.1"]
[Board "3"]
[White "Haznedaroglu, Kivanc"]
[Black "Solak, Dragan"]
[Result "1/2-1/2"]
[WhiteTitle "GM"]
[BlackTitle "GM"]
[WhiteElo "2471"]
[BlackElo "2632"]
[WhiteTeam "T.S. Alyans Satranc Spor Kulubu"]
[BlackTeam "Besiktas Jimnastik Kulubu"]
[WhiteFideId "6300634"]
[BlackFideId "916811"]
[EventDate "2014.08.18"]

1. e4 c5 2. Nf3 d6 3. d4 cxd4 4. Nxd4 Nf6 5. Nc3 Bd7 6. f3 e5 7. Nb3 Be7 8. Be3
O-O 9. Qd2 Be6 10. O-O-O a5 11. a4 Na6 12. Kb1 Nb4 13. g4 Rc8 14. g5 Nh5 15. Rg1
f5 1/2-1/2

[Event "TCh-TUR Super League 2014"]
[Site "Kocaeli TUR"]
[Date "2014.08.21"]
[Round "4.1"]
[Board "4"]
[White "Mamedov, Rauf"]
[Black "Yilmazyerli, Mert"]
[Result "1/2-1/2"]
[WhiteTitle "GM"]
[BlackTitle "FM"]
[WhiteElo "2659"]
[BlackElo "2454"]
[WhiteTeam "Besiktas Jimnastik Kulubu"]
[BlackTeam "T.S. Alyans Satranc Spor Kulubu"]
[WhiteFideId "13401653"]
[BlackFideId "6305962"]
[EventDate "2014.08.18"]

1. e4 g6 2. d4 Bg7 3. Nc3 d6 4. Be3 a6 5. a4 b6 6. g3 Bb7 7. Bg2 Nf6 8. Nge2
Nbd7 9. O-O e5 10. dxe5 dxe5 11. Nd5 O-O 12. c4 Ng4 13. Bd2 c6 14. Ne3 Ngf6 15.
a5 b5 16. Qc2 Qe7 17. Rfd1 Rfd8 18. Be1 Nf8 19. cxb5 axb5 20. Rxd8 Rxd8 21. a6
Ba8 22. Ba5 Rd7 23. Bb6 Ne6 24. Bh3 Rd6 25. Bxe6 Qxe6 26. Bc5 Rd8 27. Nc1 h5 28.
f3 h4 29. Kg2 Nh7 30. Ne2 Ng5 31. Ng1 Qf6 32. Ng4 Qe6 33. Rd1 Qe8 34. Rxd8 Qxd8
35. gxh4 Ne6 36. Ne2 Qxh4 37. Bf2 Qd8 38. Qc1 c5 39. Bxc5 Qc8 40. Bd6 Nf4+ 41.
Kf1 Qxa6 42. Bxe5 Nd3 43. Qc7 Nxe5 44. Nxe5 Qf6 45. Qc8+ Kh7 46. Qh3+ Kg8 47.
Qc8+ Kh7 48. Qh3+ Kg8 49. Qc8+ 1/2-1/2

[Event "TCh-TUR Super League 2014"]
[Site "Kocaeli TUR"]
[Date "2014.08.21"]
[Round "4.1"]
[Board "5"]
[White "Arduman, Can"]
[Black "Atakisi, Umut"]
[Result "1/2-1/2"]
[WhiteTitle "IM"]
[BlackTitle "IM"]
[WhiteElo "2347"]
[BlackElo "2343"]
[WhiteTeam "T.S. Alyans Satranc Spor Kulubu"]
[BlackTeam "Besiktas Jimnastik Kulubu"]
[WhiteFideId "6300022"]
[BlackFideId "6301037"]
[EventDate "2014.08.18"]

1. d4 d5 2. c4 c6 3. e3 Nf6 4. Nf3 g6 5. Nc3 Bg7 6. Be2 O-O 7. O-O Bg4 8. Qb3
Qb6 9. Qxb6 axb6 10. cxd5 Nxd5 11. Nxd5 cxd5 12. Bd2 Nc6 13. h3 Bd7 14. Bb5 Rfc8
15. Rfc1 e6 16. a4 Bf8 17. Ne1 Bd6 18. Nd3 Kf8 19. Rc3 Ke7 20. Rac1 Na5 21. Rxc8
Rxc8 22. Rxc8 Bxc8 23. Kf1 Bd7 24. Bxd7 Kxd7 25. Bxa5 bxa5 26. g4 h6 27. Ke2 Ke7
28. h4 f5 29. g5 h5 30. Kf3 Kf7 31. Ke2 Ke7 32. Kd2 Kd7 33. Nc1 Bb4+ 34. Kc2 Bd6
35. Nd3 b6 36. Kd2 Ke8 37. Ke2 Ke7 38. b3 Kf7 39. Ne1 Ke7 40. Kd3 Kd7 41. f3 Ke8
42. e4 Ke7 43. exd5 exd5 44. Ke3 f4+ 45. Ke2 Ke6 46. Nd3 Kf5 47. Kd2 Bb4+ 48.
Kc2 Bd6 49. Kd1 Bb4 50. Nxb4 1/2-1/2